000 00589nam a22002057a 4500
003 DO-SdBNP
005 20220831105432.0
007 ta
008 220830e 1974|||||||j |||| 00| f spa d
040 _aDO-SdBNP
_bspa
_cBNPHU
082 4 _a863.42
_bM358o
_222
100 1 0 _aMarrero Aristy, Ramón
_d1913-1959.
_922324
245 1 0 _aOver /
_cRamón Marrero Aristy
260 _aSanto Domingo:
_bTaller,
_c1974.
300 _a224 p. :
_c21 cm
650 4 _aNovela dominicana
_97202
650 4 _aLiterarura dominicana
_982283
910 _aValidado. Control de calidad MFF
942 _2ddc
_cLBS1
999 _c52339
_d52339